| Поле | Инд. | ПП | Название | Значение |
|---|---|---|---|---|
| Тип записи | a | |||
| Библиографический уровень | m | |||
| 001 | Контрольный номер | 56f61c7aecce49f3ab028eafe8086667 | ||
| 005 | Дата корректировки | 20260522154903.1 | ||
| 040 | a | Служба первич. каталог. | 10013504 | |
| b | Код языка каталог. | rus | ||
| e | Правила каталог. | PSBO | ||
| 041 | 0_ | a | Код языка текста | rus |
| 090 | a | Полочн. индекс | Дис. | |
| x | Авторский знак | Щ 67 | ||
| r | Идентификатор организации | 10013504 | ||
| 100 | 1_ | a | Автор | Щеренков Г.М. |
| 245 | 10 | a | Заглавие | Исследование износно-фрикционных свойств пар трения муфт сцеплений |
| b | Продолж. заглавия | диссертация ... кандидата технических наук | ||
| c | Ответственность | науч. рук. Л.М. Пыжевич, Ю.И. Костерин ; МАТИ | ||
| 260 | a | Место издания | Москва | |
| c | Дата издания | 1968 | ||
| 300 | a | Объем | 200 с. | |
| b | Иллюстрации/ тип воспроизводства | ил. | ||
| 504 | a | Библиография | Библиогр.: с. 169-175 (88 назв.) | |
| 653 | 0_ | a | Ключевые слова | ДИССЕРТАЦИИ; АВТОР МАТИ; СВОЙСТВА ИЗНОСНО-ФРИКЦИОННЫЕ; ПАРЫ ТРЕНИЯ; МУФТЫ СЦЕПЛЕНИЯ |
| 700 | 12 | a | Другие авторы | Пыжевич Л.М. |
| q | Полное имя | Пыжевич Леонид Михайлович | ||
| e | Роль лиц | Научный руководитель | ||
| 700 | 12 | a | Другие авторы | Костерин Ю.И. |
| e | Роль лиц | Методический руководитель | ||
| 901 | t | Тип документа | d | |
| 952 | a | Тип литературы для КСУ ВШ | КДНР | |
| c | Вид литературы | диссертация |